000 00401 a2200181 4500
001 127033
020 _a9788596000017
040 _cEscola Canadense de Niteroi
090 _aTeachers
100 _aGiovanni, José
245 1 0 _a360º Matemática: caderno de revisão
250 _a1. ed.
260 _aSão Paulo
300 _bil.
362 0 _a2015
650 4 _aMatemática
942 _cBK
999 _c127033
_d127033